00554nam a2200145 a 450000500170000000800410001705000210005810000180007924501440009730000100024144000260025165000120027799900190028995201000030820140412111247.0001117s19uu xx 00 eng d aTR(GS 428.6bGRA aGray Williams aThink - and - do book : to accompany Guess Who /cWilliam S. Gray, A. Sterl Artley, and Marion Monroe; illustrated by Miriam & Arch Huford. a48 p. aThe New Basic Readers aReading c102976d102976 001040aELbELcTRd2000-11-17l0oTR(GS 428.6 GRApE3494r2014-04-12 00:00:00w2014-04-12yBK